000 00663nam a22001937a 4500
005 20140310183640.0
008 131216b xxu||||| |||| 00| 0 eng d
020 _a9780071634533
050 _aHF 5718.22
_b.D537 2010
100 _aDiamond, Linda Eve.
245 _aPerfect phrases for sales presentations :
_bhundreds of ready-to-use phrases for delivering powerful and persuasive presentations /
_cLinda Eve Diamond.
260 _aNew York :
_bMcGraw-Hill,
_c2010.
300 _a182 p. ;
_b20 cm.
521 _aBSBA
650 _aBusiness presentations.
650 _aBusiness presentations
_xTerminology.
942 _2lcc
_cBK
_kFOR
999 _c25802
_d25802